000 00810nam a22002657a 4500
005 20250814122156.0
008 250814b |||||||| |||| 00| 0 eng d
020 _a978-0-444-51747-0 (hbk)
037 _cTB
040 _aCL
_cCL
041 _2ENG
_aENG
084 _aP:(R) Q2
_qCL
100 _aKempson, Ruth
245 _aPhilosophy of linguistics
260 _aAmsterdam, The Netherlands:
_bElsevier,
_c2012.
300 _axx, 574p.
365 _b12953.20
_cINR
650 _aLINGUISTICS
650 _aPhilosophy
700 _aKempson, Ruth
_eEditor
700 _aFernando, Tim
_eEditor
_9817917
700 _aAsher, Nicholas
_eEditor
_9817918
942 _2CC
_cTB
_hP:(R) Q2
_n0
999 _c1434769
_d1434769